000 00801nam a22002175i 4500
001 175159
003 ES-MaACL
005 20250815103934.0
008 101008s1965 sp b |||| | spa d
080 _a811.134.2'282
100 1 _aBuesa Oliver, Tomás.
_932428
245 1 0 _aIndoamericanismos léxicos en español /
_cTomás Buesa Oliver.
260 _aMadrid :
_bConsejo Superior de Investigaciones Científicas,
_c1965.
300 _a91 p., [2] h. pleg. ;
_c24 cm.
490 1 _aMonografías de ciencia moderna ;
_v73
650 1 4 _aLengua española-
_xAmericanismos.
_914120
710 2 _aConsejo Superior de Investigaciones Científicas (España)
_93236
830 0 _aMonografías de ciencia moderna
_v73
_9189470
852 _aES-MaACL
_jE-13337
_xOlim P-555 bis
999 _c175159
_d175159